MARC details
| 000 -CABECERA |
| campo de control de longitud fija |
01657nam a2200289 a 4500 |
| 001 - NÚMERO DE CONTROL |
| campo de control |
000007535 |
| 005 - FECHA Y HORA DE LA ÚLTIMA TRANSACCIÓN |
| campo de control |
20240307173900.0 |
| 008 - DATOS DE LONGITUD FIJA--INFORMACIÓN GENERAL |
| campo de control de longitud fija |
090909s2001 dr 001 0 spa d |
| 020 ## - NÚMERO INTERNACIONAL ESTÁNDAR DEL LIBRO |
| Número Internacional Estándar del Libro |
9993461032 |
| 040 ## - FUENTE DE LA CATALOGACIÓN |
| Centro catalogador/agencia de origen |
DO-SdBNP |
| Lengua de catalogación |
spa |
| Centro/agencia transcriptor |
BNPHU |
| 082 ## - NÚMERO DE LA CLASIFICACIÓN DECIMAL DEWEY |
| Número de clasificación |
610.696 |
| Número de documento/Ítem |
S944e |
| 100 1# - ENTRADA PRINCIPAL--NOMBRE DE PERSONA |
| Nombre de persona |
Suero, Waldo Ariel |
| 9 (RLIN) |
20918 |
| 245 14 - MENCIÓN DE TÍTULO |
| Título |
Una exitosa consulta médica / |
| Mención de responsabilidad, etc. |
Waldo Ariel Suero, Pablo Pascual Báez ; prólogo César Mella Mejías. |
| 260 ## - PUBLICACIÓN, DISTRIBUCIÓN, ETC. |
| Lugar de publicación, distribución, etc. |
Santo Domingo : |
| Nombre del editor, distribuidor, etc. |
Búho, |
| Fecha de publicación, distribución, etc. |
2001. |
| 300 ## - DESCRIPCIÓN FÍSICA |
| Extensión |
197 p. ; |
| Dimensiones |
22 cm. |
| 500 ## - NOTA GENERAL |
| Nota general |
Incluye datos biográficos de los autores en las solapas. |
| 504 ## - NOTA DE BIBLIOGRAFÍA, ETC. |
| Nota de bibliografía, etc. |
Bibliografía: p. 193-197. |
| 505 0# - NOTA DE CONTENIDO CON FORMATO |
| Información miscelánea |
Prólogo -- |
| -- |
Introducción -- |
| Título |
La personalidad como elemento influyente en el éxito del consultorio médico -- |
| -- |
Aspectos administrativos de la consulta médica -- |
| -- |
Relación médico paciente e interpersonales -- |
| -- |
El rol del equipo de salud en el éxito médico -- |
| -- |
El rol del consultorio en la práctica médica -- |
| -- |
La actualización médica y general como elemento fundamental en la atención -- |
| -- |
La prescripción como parte del acto médico -- |
| -- |
El liderazgo profesional, la ética y la credibilidad del médico -- |
| -- |
El marketing médico: ¿Una opción? -- |
| -- |
Métodos para reducir o dispersar su consulta -- |
| -- |
¿Qué esperan los pacientes de sus médicos? -- |
| Información miscelánea |
Bibliografía. |
| 590 ## - NOTA LOCAL (RLIN) |
| Nota local |
Inventariado,2018/DG |
| 650 #4 - PUNTO DE ACCESO ADICIONAL DE MATERIA--TÉRMINO DE MATERIA |
| Término de materia o nombre geográfico como elemento de entrada |
Consulta médica |
| 9 (RLIN) |
20919 |
| 650 #4 - PUNTO DE ACCESO ADICIONAL DE MATERIA--TÉRMINO DE MATERIA |
| Término de materia o nombre geográfico como elemento de entrada |
Práctica médica |
| 9 (RLIN) |
20145 |
| 650 #4 - PUNTO DE ACCESO ADICIONAL DE MATERIA--TÉRMINO DE MATERIA |
| Término de materia o nombre geográfico como elemento de entrada |
Consultorios médicos |
| 9 (RLIN) |
20920 |
| 650 #4 - PUNTO DE ACCESO ADICIONAL DE MATERIA--TÉRMINO DE MATERIA |
| Término de materia o nombre geográfico como elemento de entrada |
Médico y paciente |
| 9 (RLIN) |
20921 |
| 700 1# - PUNTO DE ACCESO ADICIONAL--NOMBRE DE PERSONA |
| Nombre de persona |
Báez, Pablo Pascual |
| 9 (RLIN) |
20922 |
| 700 1# - PUNTO DE ACCESO ADICIONAL--NOMBRE DE PERSONA |
| Nombre de persona |
Mella Mejías, César |
| Fechas asociadas al nombre |
1950- |
| Término indicativo de función/relación |
pról. |
| 9 (RLIN) |
210 |
| 910 ## - DATOS DE OPCIÓN DEL USUARIO (OCLC) |
| Datos de opción del usuario |
Validado. Control de calidad EMS |